Audity druhou strunou ako nástroj zlepšovania procesov v stavebníctve
Prípadová štúdia analýzy auditov druhou stranou realizovaných stavebnou spoločnosťou u jej dodávateľov. Zmluva s dodávateľom a jej naplnenie. Riadenie kvality a interné audity. Štandardný postup pri realizácii auditu.
Guardado en:
| Autor principal: | |
|---|---|
| Otros Autores: | |
| Formato: | Capítulo de libro |
| Lenguaje: | checo |
| Materias: | |
| Etiquetas: |
Sin Etiquetas, Sea el primero en etiquetar este registro!
|
MARC
| LEADER | 00000naa a2200000 4500 | ||
|---|---|---|---|
| 001 | 0210925 | ||
| 005 | 20231012072749.4 | ||
| 041 | 0 | |a cze | |
| 044 | |a SK | ||
| 245 | 1 | 0 | |a Audity druhou strunou ako nástroj zlepšovania procesov v stavebníctve |c Gabriela Bogdanovská, Beáta Stehlíková |
| 520 | |a Prípadová štúdia analýzy auditov druhou stranou realizovaných stavebnou spoločnosťou u jej dodávateľov. Zmluva s dodávateľom a jej naplnenie. Riadenie kvality a interné audity. Štandardný postup pri realizácii auditu. | ||
| 610 | 2 | 0 | |a metódy riadenia |
| 610 | 2 | 0 | |a audit externý |
| 610 | 2 | 0 | |a audit interný |
| 610 | 2 | 0 | |a kontrola podniková |
| 610 | 2 | 0 | |a kontrola kvality |
| 610 | 2 | 0 | |a normy kvality |
| 610 | 2 | 0 | |a riadenie kvality |
| 610 | 2 | 0 | |a systémy kvality |
| 100 | 1 | |a Bogdanovská, Gabriela | |
| 700 | 1 | |a Stehlíková, Beáta | |